000 01484nam a2200493 a 4500
001 22097
003 VRT
005 20260319153621.0
008 240318s2016 xr g 000 f slo
015 _aSNBZSA2016/10
020 _a9788072438747
_q(viazané)
035 _a5ACF8CCF-1797-4862-B331-241EEB2CF117
035 _aurn:nbn:sk:snk-am3h6gd
035 _aurn:nbn:sk:snk-am00cnnc
039 9 _a202403182240
_bVLOAD
_c201904050914
_dAUTHORITY
_c201806011058
_dVLOAD
_c201803150904
_dmvkhe14
040 _aPOKPOH
_bslo
_cPOKPOH
_dSNK
_eAACR2
041 0 _aslo
044 _axr
_cCZ
072 7 _a821.162.4-3
_xSlovenská próza
_2konspekt
080 _a821.162.4-31
_22011
080 _a(0:82-312.5)
_22011
100 1 _aWurm, Monika,
_d1983-
_4aut
245 1 0 _aNesmieš ma milovať
_n[1]
_pFarby lásky
_cMonika Wurm
246 3 0 _aFarby lásky
250 _a1. vyd.
260 _aPraha
_bBrána
_c2016
300 _a310 s.
_c21 cm
655 7 _aslovenské romány
_2SNKPH
655 7 _aSlovak fiction
_2SNKPHeng
655 7 _aLove novels
_2SNKPHeng
655 7 _aľúbostné romány
_2SNKPH
910 _apokpoh
910 _abjkdg
910 _askpk
910 _apppk
910 _asllk
910 _asnk
910 _attkjf
910 _atotk
910 _avthk
910 _ahevk
942 _2ddc
_cKLDO
_n0
949 _617A1215841
_asnkSC 171566
_bsnk2016/23534
_oVydavatelství a nakladatelství Aleš Čeněk81-ah/19Int. č. fa – 65/2016
_s6100:20161021
999 _c22097
_d22097